| 000 | 00608 a2200193 4500 | ||
|---|---|---|---|
| 010 | _aENG-88866 | ||
| 020 |
_a019569211X _c650.00 |
||
| 035 | _aEN-72399 | ||
| 037 | _bDBAD / PUB | ||
| 082 | 1 | 4 | _a323 |
| 090 |
_c9545 _d9545 |
||
| 100 | _aBaxi, Upendra | ||
| 245 | 1 |
_aHuman rights in a posthuman world : _cby Upendra Baxi _bcritical essays / |
|
| 260 |
_aNew Delhi _bOxford University Press _c2007 |
||
| 300 |
_axiv, 249p. _c22 cm (Hb) |
||
| 500 | _aIncludes Index | ||
| 942 |
_adpl _cEN _k323 / BAX |
||
| 999 |
_c9371 _d9371 |
||